000 01001cam a22002771 4500
001 sa 68015307
003 DLC
005 20260227112642.0
008 900709m19581963ii 000 0 perr
010 _asa 68015307
025 _aPL480:I-P-52
035 _a(OCoLC)21982342
040 _aDLC
_cWaU
_dWaU
_dDLC
042 _apremarc
050 0 0 _aPK6436
_b.R3
100 0 _aMunīburraḥmān,
_d1924-
245 1 0 _aBarguzīdah-ʼi shiʻr-i Fārsī-i muʻāṣir.
_cMuʼallif: Munīb al-Rahmān.
250 _a[Chāp-i 1]
260 _aʻAlīgarh,
_bIdārah-ʼi ʻUlūm-i Islāmīyah, Dānishgāh-i Islāmī
_c[1958-63]
300 _a2 v.
_c25 cm.
490 1 _aSilsilah-i Intishārāt-i Idārah-ʼi ʻUlum-i Islāmīyah,
_vshumārah-ʼi 5-6
500 _aAdded t.p.: An anthology of modern Persian poetry, compiled by Munibur Rahman.
500 _aPrefaces in English.
650 0 _aPersian poetry.
810 2 _aAligarh Muslim University.
_bInstitute of Islamic Studies.
_tPublication ;
_v5-6.
999 _c86378
_d86378